00000000nam##2200000za#4500
0019.695222
003CaOODSP
00520240209132436
007cr |||||||||||
008150407|1998||||xxc|||||o    f|0| 0 eng|d
040 |aCaOODSP|beng
043 |an-cn---
0861 |aC89-4/54-1998E-PDF
1102 |aAtlantic Canada Opportunities Agency.
24510|aProductivity : |h[electronic resource]|bkey to economic success / |cprepared by Centre for the Study of Living Standards for the Atlantic Canada Opportunities Agency.
260 |aOttawa - Ontario : |bAtlantic Canada Opportunities Agency |cMarch 1998.
300 |a99p.|bfig., graphs, tables
500 |a"This report provides a comprehensive overview of the productivity issue. It reviews productivity concepts and trends, examines the determinants of productivity growth in the Canadian context, discusses key issues in the productivity literature, and outlines certain private sector actions and public policies to improve productivity."--Page 1.
504 |aBibliography.
5203 |aThis report provides a comprehensive overview of the productivity issue. It reviews productivity concepts and trends, examines the determinants of productivity growth in the Canadian context, discusses key issues in the productivity literature, and outlines certain private sector actions and public policies to improve productivity.--Page 1
590 |a11-29-Supp|b2011-11-25
69007|aProductivity|2gcpds
7102 |aCentre for the Study of Living Standards.
77508|tLa productivité : |w(CaOODSP)9.639368
7760#|tProductivity : |w(CaOODSP)9.647207
85640|ahttp://publications.gc.ca|qPDF|s255 KB|uhttps://publications.gc.ca/collections/Collection/C89-4-54-1998E.pdf